[Event "Doriano Spinelli mem 2nd"]
[Site "Torino"]
[Date "2016.12.04"]
[Round "5"]
[White "Cerchie`, Emanuele"]
[Black "Novaria, Ivan"]
[Result "1-0"]
[WhiteElo "1635"]
[BlackElo "1708"]
[PlyCount "153"]
[EventDate "2016.12.01"]
[EventType "swiss"]
[EventRounds "5"]
[EventCountry "ITA"]
[SourceTitle "CBM 176 Extra"]
[Source "ChessBase"]
[SourceDate "2017.03.02"]
[SourceVersion "1"]
[SourceVersionDate "2017.03.02"]
[SourceQuality "1"]

1. d4 d5 2. c4 e6 3. Nc3 Nf6 4. Bg5 Be7 5. e3 Nbd7 6. Nf3 h6 7. Bh4 0-0 8. cxd5 exd5 9. Bd3 Re8 10. 0-0 c6 11. Qc2 Nf8 12. Rab1 a6 13. b4 Bd7 14. a4 Nh5 15. Bxe7 Qxe7 16. b5 axb5 17. axb5 Nf6 18. Ne5 Rec8 19. bxc6 Bxc6 20. Nxc6 bxc6 21. Na4 Rc7 22. Rfc1 N8d7 23. Nb6 Nxb6 24. Rxb6 g6 25. Rxc6 Rxc6 26. Qxc6 Ra3 27. Be2 Qe6 28. g3 Qf5 29. Qc8+ Qxc8 30. Rxc8+ Kg7 31. Bf3 Ra6 32. Rc5 Rd6 33. Kf1 g5 34. h3 h5 35. Ke2 g4 36. hxg4 hxg4 37. Bg2 Kf8 38. f3 gxf3+ 39. Bxf3 Kg7 40. Kd3 Kg6 41. e4 dxe4+ 42. Bxe4+ Nxe4 43. Kxe4 Re6+ 44. Re5 Ra6 45. Kf4 Ra4 46. Rd5 Ra1 47. Rd8 Rf1+ 48. Ke5 Re1+ 49. Kf4 Rf1+ 50. Ke3 Kf6 51. Ke2 Rg1 52. Kf2 Rd1 53. Kf3 Rf1+ 54. Kg4 Ke7 55. Rd5 Ke6 56. Ra5 Rd1 57. d5+ Kd6 58. Kg5 Rf1 59. g4 Rh1 60. Ra7 Rf1 61. Ra6+ Kxd5 62. Rf6 Rg1 63. Rxf7 Ke6 64. Rf2 Ke7 65. Kh5 Ra1 66. g5 Ra5 67. Kh6 Ra1 68. g6 Rh1+ 69. Kg7 Rh3 70. Kg8 Rh1 71. g7 Rh3 72. Re2+ Kd7 73. Re4 Rf3 74. Kh7 Rh3+ 75. Kg6 Rg3+ 76. Kh6 Rh3+ 77. Kg5 1-0